000 00399nam a2200169Ia 4500
005 20240823015831.0
008 240823s9999||||xx |||||||||||||| ||und||
082 _A621.3 N2
100 _aDhogal P S
245 0 _aBasic Electrical Engineering
250 _a1st
260 _c1992
_b"TMH,New Delhi"
500 _aTRANSFERED
650 _aElectrical
_bElectrical
942 _cBK
999 _c173348
_d173348